000 00557nmm a2200193Ia 4500
008 251105s9999||||xx |||||||||||||||||und||
020 _a9789871432318
041 _aspa
100 _aSbarato, Darío
245 0 _aLos estudios de impacto ambiental
264 _a[Buenos Aires, Argentina] :
_bEditorial Brujas,
_c2012
300 _a120 páginas
650 _aEnvironmental Sciences
700 _aSbarato, Darío
700 1 _a Sbarato, Viviana
700 1 _a Ortega, José
856 _uhttps://public.digitaliapublishing.com/a/41826
942 _cCF
999 _c71219
_d71219